000 00708nam a22002417a 4500
003 DO-SdBNP
005 20180223141117.0
008 160318b 1975 sp00| 0 spa d
020 _a8474040078
040 _aBPMSU
_bspa
_cBPMSU
082 4 _axxxxx
_bxxxxx
092 _axxxxxxxxx
_bxxxxxxxxx
100 1 _aMolnár, Ferenc
245 1 4 _aLos muchachos de la calle pal /
_cFerenc Molnar ; traductor José Félix
260 _aMadrid :
_bEdival,
_c1975.
300 _a171 p. :
_bil. ;
_c25 cm.
490 1 _aClásicos de la juventud
700 1 2 _aFélix, José,
_etr.
830 0 _aClásicos de la juventud
942 _2ddc
_cBK
945 _aInventariado, 2018 / BT
956 _aBTAVAREZ
_b10
_d20160318
_fBPMSU
_h0038
999 _c9306
_d9306